00000000nam 2200000zi 4500
0019.947491
003CaOODSP
00520250130101745
006m     o  d f      
007cr bn|||||||||
008250129e197211##oncado  ob   f000 0 eng d
040 |aCaOODSP|beng|erda|cCaOODSP
043 |an-cn---
0861 |aDR52-19/4-1972E-PDF
1001 |aMaret, Karl, |eauthor.
24510|aVibration measurements in selected armoured vehicles / |cCaptain Karl H. Maret, Lieutenant John Winship.
264 1|aDownsview, Ontario : |bDefence and Civil Institute of Environmental Medicine, Operational Life Support Unit : |bDefence Research Board - Department of National Defence - Canada, |cNovember 1972.
300 |a1 online resource (iii, 24 pages, 2 unnumbered pages) : |billustrations, graphs, photographs.
336 |atext|btxt|2rdacontent
337 |acomputer|bc|2rdamedia
338 |aonline resource|bcr|2rdacarrier
4901 |aDCIEM report ; |vno. 897
500 |a"Unclassified."
500 |aDigitized edition from print [produced by Defence R&D Canada].
504 |aIncludes bibliographical references (page 13).
5203 |a"This study investigated the triaxial vibration environment in armoured vehicles to determine the characteristics of the vibration to which crewmen are exposed. Vehicles tested included the M113 Armoured Personnel Carrier, the M109 Self-propelled Howitzer, the M113½ Lynx, the Centurion Tank and the M548 Cargo Carrier, all travelling over snow-packed roads. A magnetic tape data acquisition system and a real-time method of analysis is described. The vibration spectra are compared to proposed I.S.O. vibration exposure standards to determine Fatigue and/or Decreased Proficiency Boundaries and Exposure Limits. Results indicate that the length of ride in these vehicles should be limited if the Fatigue Boundaries and Exposure Limits are not to be exceeded. Limitations of the present study are outlined and recommendations for future studies are made"--Abstract, page iii.
650 0|aArmored vehicles, Military|xVibration|zCanada.
650 0|aVibration|xMeasurement.
650 0|aVibration|xPhysiological effect|zCanada.
650 6|aEngins blindés|xVibrations|zCanada.
650 6|aVibration|xMesure.
650 6|aVibration|xEffets physiologiques|zCanada.
7102 |aDefence and Civil Institute of Environmental Medicine (Canada), |eissuing body.
7101 |aCanada. |bDefence Research Board, |eissuing body.
830#0|aDCIEM report ;|vno. 897.|w(CaOODSP)9.941842
85640|qPDF|s919 KB|uhttps://publications.gc.ca/collections/collection_2025/rddc-drdc/DR52-19-4-1972-eng.pdf
986 |a19838